| 000 | 00804nam a2200277Ia 4500 | ||
|---|---|---|---|
| 003 | OSt | ||
| 005 | 20221005093847.0 | ||
| 006 | a|||||r|||| 00| 0 | ||
| 007 | ta | ||
| 008 | 221004b |||||||| |||| 00| 0 eng d | ||
| 020 | _a0 631 09770 8 | ||
| 024 | _a42413 | ||
| 037 | _cTextual | ||
| 040 |
_aCRL _cCRL _beng |
||
| 041 |
_2eng _aeng |
||
| 082 | _aO111:g(Y), L2 | ||
| 100 |
_aBradbury Malcolm Au. _91026 |
||
| 110 | _aGift from Prof Amitava Banerjee, London | ||
| 245 | 0 | _aSocial context of modern English literature | |
| 260 |
_aOxford _bBasil Blackwell UK _c1972 |
||
| 300 |
_a277p. _ccm. |
||
| 650 | _aENGLISH LITERATURE | ||
| 700 | _aGift from Prof Amitava Banerjee, London | ||
| 942 |
_hO111:g(Y), L2 _cTEXL _2cc |
||
| 999 |
_c1001021 _d1001021 |
||